<?xml version="1.0" encoding="UTF-8"?>
<resp>
  <nextPage>https://data.bn.org.pl/api/networks/bibs.marcxml?marc=001+b0000640005479&amp;sinceId=640005480</nextPage>
  <collection>
    <record xmlns='http://www.loc.gov/MARC21/slim'><leader>01892nam a2200577 i 4500</leader><controlfield tag='001'>b0000640005479</controlfield><controlfield tag='005'>20260412071508.7</controlfield><controlfield tag='008'>181121s2014    pl a  a|||   |000 p pol  </controlfield><controlfield tag='009'>9912860730405606</controlfield><datafield ind1=' ' ind2=' ' tag='020'><subfield code='a'>9788374374156</subfield></datafield><datafield ind1=' ' ind2=' ' tag='020'><subfield code='a'>9788374379878</subfield></datafield><datafield ind1=' ' ind2=' ' tag='035'><subfield code='a'>RAD_1RAD_1_79456-48omnis_rad</subfield></datafield><datafield ind1=' ' ind2=' ' tag='035'><subfield code='a'>RAD_1_79456</subfield></datafield><datafield ind1=' ' ind2=' ' tag='035'><subfield code='a'>(OCoLC)879523074</subfield></datafield><datafield ind1=' ' ind2=' ' tag='035'><subfield code='a'>(PL)b0000640005479</subfield></datafield><datafield ind1=' ' ind2=' ' tag='040'><subfield code='a'>RADZYŃ 002</subfield><subfield code='c'>RADZYŃ 002</subfield></datafield><datafield ind1='1' ind2=' ' tag='100'><subfield code='a'>Brzechwa, Jan</subfield><subfield code='d'>(1898-1966)</subfield><subfield code='e'>Autor</subfield></datafield><datafield ind1='1' ind2='0' tag='245'><subfield code='a'>Katar /</subfield><subfield code='c'>Jan Brzechwa ; ilustrowała Agata Nowak.</subfield></datafield><datafield ind1=' ' ind2=' ' tag='260'><subfield code='a'>Kraków :</subfield><subfield code='b'>Księgarnia Wydawnictwo Skrzat Stanisław Porębski,</subfield><subfield code='c'>cop. 2018.</subfield></datafield><datafield ind1=' ' ind2=' ' tag='300'><subfield code='a'>[8] stron :</subfield><subfield code='b'>ilustracje ;</subfield><subfield code='c'>16 cm.</subfield></datafield><datafield ind1=' ' ind2=' ' tag='336'><subfield code='a'>Tekst</subfield><subfield code='b'>txt</subfield><subfield code='2'>rdacontent</subfield></datafield><datafield ind1=' ' ind2=' ' tag='337'><subfield code='a'>Bez urządzenia pośredniczącego</subfield><subfield code='b'>n</subfield><subfield code='2'>rdamedia</subfield></datafield><datafield ind1=' ' ind2=' ' tag='338'><subfield code='a'>Wolumin</subfield><subfield code='b'>nc</subfield><subfield code='2'>rdacarrier</subfield></datafield><datafield ind1=' ' ind2=' ' tag='380'><subfield code='a'>Poezja</subfield></datafield><datafield ind1=' ' ind2=' ' tag='380'><subfield code='a'>Książki</subfield></datafield><datafield ind1=' ' ind2=' ' tag='385'><subfield code='m'>Grupa wiekowa</subfield><subfield code='a'>Dzieci</subfield></datafield><datafield ind1=' ' ind2=' ' tag='385'><subfield code='m'>Grupa wiekowa</subfield><subfield code='a'>0-5 lat</subfield></datafield><datafield ind1=' ' ind2=' ' tag='386'><subfield code='m'>Przenależność kulturowa</subfield><subfield code='a'>Litaratura polska</subfield></datafield><datafield ind1='1' ind2=' ' tag='490'><subfield code='a'>Bajki dla Malucha</subfield></datafield><datafield ind1='1' ind2=' ' tag='490'><subfield code='a'>Bajki Kartoniki</subfield></datafield><datafield ind1=' ' ind2=' ' tag='500'><subfield code='a'>Opis według okładki.</subfield></datafield><datafield ind1=' ' ind2=' ' tag='500'><subfield code='a'>Okładka wliczona w paginację.</subfield></datafield><datafield ind1=' ' ind2='7' tag='648'><subfield code='a'>1901-2000</subfield><subfield code='2'>DBN</subfield></datafield><datafield ind1=' ' ind2='7' tag='655'><subfield code='a'>Wiersze</subfield><subfield code='2'>DBN</subfield></datafield><datafield ind1='1' ind2=' ' tag='700'><subfield code='a'>Nowak, Agata</subfield><subfield code='e'>Ilustracje</subfield></datafield><datafield ind1='2' ind2=' ' tag='710'><subfield code='a'>Księgarnia Wydawnictwo Skrzat Stanisław Porębski</subfield><subfield code='e'>Wydawca</subfield><subfield code='4'>pbl.</subfield></datafield><datafield ind1=' ' ind2='0' tag='830'><subfield code='a'>Bajki Kartoniki</subfield></datafield><datafield ind1=' ' ind2='0' tag='830'><subfield code='a'>Bajki dla Malucha</subfield><subfield code='1'>t 2006028503</subfield></datafield><datafield ind1=' ' ind2=' ' tag='852'><subfield code='b'>48OMNIS_NETWORK</subfield><subfield code='8'>9912860730405606</subfield></datafield><datafield ind1=' ' ind2=' ' tag='920'><subfield code='a'>978-83-7437-415-6</subfield></datafield></record>
  </collection>
</resp>
